00983cam a22002531 450000100060000000300080000600500170001400800390003103500190007004000320008904100080012108200200012910000580014924501360020726000440034330000340038750400370042165000210045865000310047970000410051094200120055199900170056395201490058020244BD-RjUL20211209000535.0140227s1961 caua b 001 0 eng a(BD-RjUL)20306 aDLCcDLCdDLCdBD-RjULbeng aeng00a575.1bSTG 19611 aSturtevant, A. H.q(Alfred Henry),d1891-1970.93828610aGenetics and evolution, selected papers of A. H. Sturtevant /cSelected and edited by E. B. Lewis. With a foreword by G. W. Beadle. aSan Francisco :bW. H. Freeman,cc1961. ax, 334 p. :billus. ;c25 cm. aIncludes bibliography and index. 0aGenetics.962400 0aEvolution (Biology)9624011 aLewis, Edward B.,d1918-2004.962402 2ddccBK c20244d20244 00102ddc40718NFICaRUCLbRUCLcReadingd1963-12-09eParamount book stallg32.50l0o575.1 STG 1961r2014-02-27 00:00:00tC-1w2014-02-27yBK